000 00377nam a2200157Ia 4500
008 230917s9999||||xx |||||||||||||| ||und||
040 _e103293
_aMAIN
041 _aEnglish
082 _a657.48 V46G
100 _aVause Bob
245 0 _aGuide to analysing companies
250 _a2nd ed.
260 _aLondon
_bProfile Books
_c2001
300 _avii, 278 p.
942 _cBK
999 _c119369
_d119369